000 00805nam a2200229Ia 4500
003 GCL
008 140319s9999 xx 000 0 ara d
040 _aGCL /
_cGCL
082 0 4 _aد
_b050
_bش ز
245 1 0 _aالزهور ( اعداد 34 - 35 - 36 - 38 - 40 - 41 - 42 - 43 - 44 - 45 - 46 - 47 - 48 - 49 - 50 )
260 _a[S.N] :
_bشركة النيل للاعلام والنشر المحدودة
490 _aتعليم الرسم المبسط
_v0
650 0 4 _aالمرأة فى مصر
650 0 4 _aالاطفال
650 0 4 _aالاسلام والمجتمع
650 0 4 _aالمرأة
650 0 4 _aحقوق المرأة
650 0 4 _aاداب السلوك
650 0 4 _aالمشاكل الاجتماعية
650 0 4 _aالمرأة - احوال اجتماعية
942 _2ddc
_cCR
999 _c56252
_d56252